|
|
|
|
| LEADER |
00901cam a2200277 7i4500 |
| 001 |
0000035997 |
| 005 |
20190614090000.0 |
| 007 |
##ta |
| 008 |
190614c2019 my |
| 022 |
0 |
# |
|a 18236642
|
| 040 |
# |
# |
|a MATR
|
| 090 |
0 |
0 |
|a M 665.3025
|b DIR
|
| 245 |
0 |
0 |
|a Directory of Malaysian Palm Oil Processing Sectors.
|
| 250 |
0 |
0 |
|a 7th Edition.
|
| 264 |
# |
4 |
|a ♭.
|
| 264 |
# |
1 |
|a Bandar Baru Bangi, Selangor:
|b Lembaga Minyak Sawit Malaysia,
|c 2019.
|
| 300 |
# |
# |
|a viii, 100 pages:
|b illustrations;
|c 21 cm.
|
| 336 |
# |
# |
|a text
|2 rdacontent
|
| 337 |
# |
# |
|a unmediated
|2 rdamedia
|
| 338 |
# |
# |
|a volume
|2 rdacarrier
|
| 504 |
# |
# |
|a Includes bibliographical references and index
|
| 650 |
2 |
0 |
|a Palm oil industry --
|z Malaysia
|
| 650 |
2 |
0 |
|a Government publications --
|z Malaysia
|
| 650 |
1 |
0 |
|a Oil Palm --
|z Malaysia
|
| 710 |
2 |
# |
|a Lembaga Minyak Sawit Malaysia
|
| 999 |
|
|
|a 0000040697
|b Directories
|c Malaysia
|e Business Information Centre
|